Manual of outpatient gynecology / (Record no. 9367)

MARC details
000 -LEADER
fixed length control field 00755cam a22002292 4500
001 - CONTROL NUMBER
control field 0000020501
005 - DATE AND TIME OF LATEST TRANSACTION
control field 20151217152216.0
008 - FIXED-LENGTH DATA ELEMENTS--GENERAL INFORMATION
fixed length control field 110920s xx 000 0 eng d
020 ## - INTERNATIONAL STANDARD BOOK NUMBER
International Standard Book Number 0781732786 :
040 ## - CATALOGING SOURCE
Original cataloging agency KABU
Transcribing agency KABU
245 10 - TITLE STATEMENT
Title Manual of outpatient gynecology /
Statement of responsibility, etc. Carol S. Havens, Nancy D. Sullivan (eds)
250 ## - EDITION STATEMENT
Edition statement 1st ed.
260 ## - PUBLICATION, DISTRIBUTION, ETC. (IMPRINT)
Place of publication, distribution, etc. Philadelphia :
Name of publisher, distributor, etc. Lippincott,
Date of publication, distribution, etc. 2002.
300 ## - PHYSICAL DESCRIPTION
Extent xvii, 360 p.
650 #0 - SUBJECT ADDED ENTRY--TOPICAL TERM
Topical term or geographic name as entry element Gynecology
General subdivision Handbooks, manuals, etc.
-- 0000180899
650 #0 - SUBJECT ADDED ENTRY--TOPICAL TERM
Topical term or geographic name as entry element Ambulatory medical care
General subdivision Handbooks, manuals, etc.
-- 0000180900
700 1# - ADDED ENTRY--PERSONAL NAME
Personal name Havens, Carol S.
-- 0000180901
700 1# - ADDED ENTRY--PERSONAL NAME
Personal name Sullivan, Nancy D.
-- 0000180902
852 1# - LOCATION
-- p2650 KES
908 ## - PUT COMMAND PARAMETER (RLIN)
Put command parameter 110920
950 ## - LOCAL HOLDINGS (RLIN)
-- 1
Holdings
Withdrawn status Lost status Source of classification or shelving scheme Not for loan Home library Current library Date acquired Total Checkouts Full call number Barcode Date last seen Price effective from Koha item type
    Library of Congress Classification   Kabarak, Main Campus Kabarak, Main Campus 17/12/2015   RG110 .M36 2002 c.1 21403 17/12/2015 17/12/2015 General Collection
Designed with assistance from East African Informatics Ltd